000
00244nam a2200109Ia 4500
008
231017s9999 xx 000 0 und d
082
_a
624
082
_b
GEO
245
0
_a
Geotechnical Series: Expansive Soils
300
_c
30cm
942
_c
REP
999
_c
604058
_d
604058